| 000 | 00515nam a2200157 4500 | ||
|---|---|---|---|
| 999 |
_c16833 _d16833 |
||
| 008 | 220411b ||||| |||| 00| 0 eng d | ||
| 022 | _a0117-3308 | ||
| 082 | _aDPer 004.1105 C73 Sept 2010 - April 2011 v. 20 n. 3-9 | ||
| 100 |
_aDix, John. _945009 |
||
| 245 |
_aCrafting a UC strategy/ _cJohn Dix. |
||
| 260 |
_aPhilippines: _bSchneider Electric, _c©2010-2011. |
||
| 300 |
_av20 n3, page 16: _billustrations; _c27 cm. |
||
| 500 | _aComputer world. | ||
| 650 |
_aCommunication _xStrategy. _945010 |
||
| 942 |
_2ddc _cPER |
||